<?xml version="1.0" encoding="UTF-8"?><?xml-stylesheet type="text/xsl" href="static/style.xsl"?><OAI-PMH xmlns="http://www.openarchives.org/OAI/2.0/" xmlns:xsi="http://www.w3.org/2001/XMLSchema-instance" xsi:schemaLocation="http://www.openarchives.org/OAI/2.0/ http://www.openarchives.org/OAI/2.0/OAI-PMH.xsd"><responseDate>2026-04-14T08:04:02Z</responseDate><request verb="GetRecord" identifier="oai:www.recercat.cat:20.500.12327/4808" metadataPrefix="marc">https://recercat.cat/oai/request</request><GetRecord><record><header><identifier>oai:recercat.cat:20.500.12327/4808</identifier><datestamp>2026-02-28T23:31:51Z</datestamp><setSpec>com_2072_4428</setSpec><setSpec>com_2072_4427</setSpec><setSpec>col_2072_487898</setSpec></header><metadata><record xmlns="http://www.loc.gov/MARC21/slim" xmlns:dcterms="http://purl.org/dc/terms/" xmlns:xsi="http://www.w3.org/2001/XMLSchema-instance" xmlns:doc="http://www.lyncode.com/xoai" xsi:schemaLocation="http://www.loc.gov/MARC21/slim http://www.loc.gov/standards/marcxml/schema/MARC21slim.xsd">
   <leader>00925njm 22002777a 4500</leader>
   <datafield ind2=" " ind1=" " tag="042">
      <subfield code="a">dc</subfield>
   </datafield>
   <datafield ind2=" " ind1=" " tag="720">
      <subfield code="a">Fernández Veiga, Leire</subfield>
      <subfield code="e">author</subfield>
   </datafield>
   <datafield ind2=" " ind1=" " tag="720">
      <subfield code="a">Fuertes, Miguel</subfield>
      <subfield code="e">author</subfield>
   </datafield>
   <datafield ind2=" " ind1=" " tag="720">
      <subfield code="a">Geijo, María V.</subfield>
      <subfield code="e">author</subfield>
   </datafield>
   <datafield ind2=" " ind1=" " tag="720">
      <subfield code="a">Elguezabal, Natalia</subfield>
      <subfield code="e">author</subfield>
   </datafield>
   <datafield ind2=" " ind1=" " tag="720">
      <subfield code="a">Serrano-Mestre, Jose L.</subfield>
      <subfield code="e">author</subfield>
   </datafield>
   <datafield ind2=" " ind1=" " tag="720">
      <subfield code="a">Vázquez-Iniesta, Lucía</subfield>
      <subfield code="e">author</subfield>
   </datafield>
   <datafield ind2=" " ind1=" " tag="720">
      <subfield code="a">Prados-Rosales, Rafael</subfield>
      <subfield code="e">author</subfield>
   </datafield>
   <datafield ind2=" " ind1=" " tag="720">
      <subfield code="a">Michelet, Lorraine</subfield>
      <subfield code="e">author</subfield>
   </datafield>
   <datafield ind2=" " ind1=" " tag="720">
      <subfield code="a">Boschiroli, Maria Laura</subfield>
      <subfield code="e">author</subfield>
   </datafield>
   <datafield ind2=" " ind1=" " tag="720">
      <subfield code="a">Pérez de Val, Bernat</subfield>
      <subfield code="e">author</subfield>
   </datafield>
   <datafield ind2=" " ind1=" " tag="720">
      <subfield code="a">Jones, Gareth J.</subfield>
      <subfield code="e">author</subfield>
   </datafield>
   <datafield ind2=" " ind1=" " tag="720">
      <subfield code="a">Juste, Ramón A.</subfield>
      <subfield code="e">author</subfield>
   </datafield>
   <datafield ind2=" " ind1=" " tag="720">
      <subfield code="a">Garrido, Joseba M.</subfield>
      <subfield code="e">author</subfield>
   </datafield>
   <datafield ind2=" " ind1=" " tag="720">
      <subfield code="a">Sevilla, Iker A.</subfield>
      <subfield code="e">author</subfield>
   </datafield>
   <datafield ind2=" " ind1=" " tag="260">
      <subfield code="c">2025-07-21</subfield>
   </datafield>
   <datafield ind2=" " ind1=" " tag="520">
      <subfield code="a">Introduction: Vaccination emerges as a promising cost-eective tool to reduce&#xd;
the impact and spread of animal tuberculosis, especially in regions where testand-slaughter eradication strategy is socioeconomically unfeasible or unfruitful&#xd;
for dierent reasons, provided it is safe, e cacious and compatible with&#xd;
diagnosis.&#xd;
Methods: In this study, we preliminarily evaluated the diagnostic interference&#xd;
(using guinea pigs) and the protective e cacy (using mice) of three heatinactivated, three phage-inactivated and one live attenuated vaccine prototypes&#xd;
prepared from M. bovis, M. caprae, and M. microti.&#xd;
Results and discussion: Phage-inactivation killed almost all (96.41–99.92%)&#xd;
bacteria to be included in vaccines and filtering was used to remove the&#xd;
remaining viable cells. All the assayed vaccines induced skin test reactions in&#xd;
response to bovine tuberculin, but they were smaller in the phage-inactivated&#xd;
vaccine groups. All the vaccines were diagnosis-compatible with defined skin&#xd;
test antigens based on ESAT-6, CFP-10, and Rv3615c. In contrast with the&#xd;
rest of prototypes, vaccination with heat- and phage-inactivated M. microti&#xd;
did not prompt the production of detectable anti-MPB70+MPB83 antibodies.&#xd;
Mean bacterial burden was lower in all vaccinated groups in comparison with&#xd;
the control, being significantly reduced in the lungs of the heat-inactivated M.&#xd;
microti and M. caprae and phage-inactivated M. caprae groups. Considering&#xd;
both diagnostic interference and protection collectively, the heat-inactivated M.&#xd;
microti vaccine showed the best performance. Further studies to evaluate these&#xd;
vaccines and to improve phage-driven inactivation are warranted.</subfield>
   </datafield>
   <datafield ind1="8" ind2=" " tag="024">
      <subfield code="a">Fernández-Veiga, Leire, Miguel Fuertes, María V Geijo, Natalia Elguezabal, Jose L Serrano-Mestre, Lucía Vázquez-Iniesta, Rafael Prados-Rosales, Bernat Pérez de Val, et al. 2025. “Protection and Diagnostic Interference Induced by Heat-inactivated, Phage-inactivated and Live Vaccine Prototypes Against Animal Tuberculosis.” Frontiers in Veterinary Science 12 (July). https://doi.org/10.3389/fvets.2025.1620497.</subfield>
   </datafield>
   <datafield ind1="8" ind2=" " tag="024">
      <subfield code="a">2297-1769</subfield>
   </datafield>
   <datafield ind1="8" ind2=" " tag="024">
      <subfield code="a">http://hdl.handle.net/20.500.12327/4808</subfield>
   </datafield>
   <datafield ind1="8" ind2=" " tag="024">
      <subfield code="a">https://doi.org/10.3389/fvets.2025.1620497</subfield>
   </datafield>
   <datafield ind2="0" ind1="0" tag="245">
      <subfield code="a">Protection and diagnostic interference induced by heat-inactivated, phage-inactivated and live vaccine prototypes against animal tuberculosis</subfield>
   </datafield>
</record></metadata></record></GetRecord></OAI-PMH>